[Event "Rated Blitz game"]
[Site "?"]
[Date "2021.05.17"]
[Round "?"]
[White "Chinara2020"]
[Black "dozer01"]
[Result "0-1"]
[WhiteElo "2611"]
[BlackElo "2616"]
[PlyCount "124"]
[EventDate "2021.??.??"]
[EventType "blitz"]

1. e4 e5 2. Nf3 d5 3. Nxe5 Bd6 4. d4 dxe4 5. Nc4 Be7 6. Nc3 Nf6 7. Be2 O-O 8.
Be3 a6 9. a4 Nbd7 10. g4 Nb6 11. Ne5 Nbd5 12. Qd2 Nxc3 13. bxc3 Nd5 14. h3 c5
15. O-O f5 16. Bc4 Be6 17. dxc5 f4 18. Bxd5 Qxd5 19. Qxd5 Bxd5 20. Bd4 Rac8 21.
c4 Be6 22. Rab1 Bxc5 23. Bxc5 Rxc5 24. Nd3 exd3 25. cxd3 Bc8 26. Rfe1 Ra5 27.
Rb4 Kf7 28. d4 Re8 29. Rxe8 Kxe8 30. f3 Kd7 31. Kf2 Kc7 32. Ke2 Bd7 33. Kd3
Rxa4 34. Rb2 b5 35. cxb5 axb5 36. Ke4 Kd6 37. Kxf4 Rxd4+ 38. Kg5 Rd5+ 39. Kh4
Rd4 40. Kg3 b4 41. f4 Be6 42. f5 Bf7 43. h4 b3 44. g5 Ke5 45. f6 gxf6 46. gxf6
Kxf6 47. Kf3 Rxh4 48. Ke3 Rh3+ 49. Kd4 Rg3 50. Rf2+ Kg7 51. Re2 h5 52. Rf2 h4
53. Rf4 h3 54. Rf3 Rxf3 55. Ke5 h2 56. Kd6 h1=Q 57. Kc5 b2 58. Kb4 b1=Q+ 59.
Kc5 Rf5+ 60. Kd4 Qd5+ 61. Ke3 Rf3+ 62. Ke2 Qbd1# {Normal} 0-1

[Event "Rated Blitz game"]
[Site "?"]
[Date "2021.05.16"]
[Round "?"]
[White "Amateur2500"]
[Black "hkn967"]
[Result "0-1"]
[WhiteElo "2422"]
[BlackElo "2488"]
[PlyCount "68"]
[EventDate "2021.??.??"]
[EventType "blitz"]

1. e4 e5 2. Nf3 d5 3. exd5 e4 4. Qe2 Nf6 5. d3 Qxd5 6. Nbd2 Nc6 7. Nxe4 Be6 8.
g3 O-O-O 9. Bg2 Nxe4 10. Qxe4 Qxe4+ 11. dxe4 Nb4 12. O-O Nxc2 13. Bg5 f6 14.
Rac1 fxg5 15. Rxc2 Be7 16. Rfc1 c6 17. a3 g4 18. Ne5 Bg5 19. Re1 Bb3 20. Rce2
Bd2 21. Rf1 Rhe8 22. Nxg4 Bc4 23. Rfe1 Bxe1 24. Rxe1 Be6 25. Ne3 Rd2 26. b4 Ra2
27. b5 cxb5 28. Rc1+ Kb8 29. f4 Rxa3 30. Kf2 Ra2+ 31. Kg1 b4 32. f5 b3 33. Bf1
b2 34. Rb1 Bb3 {Normal} 0-1

[Event "Rated Blitz game"]
[Site "?"]
[Date "2021.05.16"]
[Round "?"]
[White "artsportscience"]
[Black "anjaya01"]
[Result "0-1"]
[WhiteElo "2363"]
[BlackElo "2425"]
[PlyCount "56"]
[EventDate "2021.??.??"]
[EventType "blitz"]

1. e4 e5 2. Nf3 d5 3. exd5 Bd6 4. Bc4 f5 5. d3 Nf6 6. O-O O-O 7. Bg5 h6 8. Bxf6
Qxf6 9. Nc3 a6 10. a4 g5 11. Nd2 Kh7 12. Qh5 Bd7 13. a5 g4 14. g3 Be8 15. Qh4
Qxh4 16. gxh4 Nd7 17. Nb3 Kg6 18. Rae1 Kh5 19. f3 gxf3 20. Rxf3 Kxh4 21. Kf2
Bh5 22. Rg3 Nf6 23. Rg7 Rg8 24. Rxg8 Rxg8 25. d4 e4 26. Ke3 Ng4+ 27. Kd2 Nxh2
28. Nxe4 Nf3+ {Normal} 0-1

[Event "Rated Rapid game"]
[Site "?"]
[Date "2021.05.16"]
[Round "?"]
[White "Ju92"]
[Black "Delyvj"]
[Result "0-1"]
[WhiteElo "2372"]
[BlackElo "2410"]
[PlyCount "82"]
[EventDate "2021.??.??"]
[EventType "rapid"]

1. e4 e5 2. Nf3 d5 3. Nxe5 dxe4 4. Bc4 Qg5 5. d4 Qxg2 6. Bxf7+ Ke7 7. Rf1 Nf6
8. Bd2 Nc6 9. Nxc6+ bxc6 10. Bc4 Bh3 11. Nc3 Ke8 12. Qe2 Qxf1+ 13. Qxf1 Bxf1
14. Bxf1 Bd6 15. O-O-O Bxh2 16. Nxe4 Nxe4 17. Re1 Kf7 18. Rxe4 Rae8 19. Bc4+
Kf6 20. Rg4 Bd6 21. Rg2 h6 22. Bc3 g5 23. d5+ Be5 24. Bxe5+ Rxe5 25. dxc6 Rc5
26. Bd3 Rxc6 27. Kd2 h5 28. b4 g4 29. a4 Kg5 30. f3 Rf6 31. fxg4 hxg4 32. b5
Rhf8 33. Ke3 Rf3+ 34. Ke2 g3 35. a5 Rf2+ 36. Rxf2 gxf2 37. Kf1 Kg4 38. c4 Kf3
39. Be2+ Ke3 40. c5 Rg8 41. b6 Rg1# {Normal} 0-1

[Event "Rated Blitz game"]
[Site "?"]
[Date "2021.05.16"]
[Round "?"]
[White "AfricanJo"]
[Black "anjaya01"]
[Result "0-1"]
[WhiteElo "2454"]
[BlackElo "2455"]
[PlyCount "78"]
[EventDate "2021.??.??"]
[EventType "blitz"]

1. e4 e5 2. Nf3 d5 3. exd5 Bd6 4. Bb5+ Kf8 5. d3 f5 6. Bg5 Nf6 7. Nbd2 h6 8.
Bxf6 Qxf6 9. c4 a6 10. Ba4 g5 11. Qe2 g4 12. Ng1 h5 13. O-O-O b5 14. Bb3 Nd7
15. Kb1 Nc5 16. h3 Bd7 17. hxg4 hxg4 18. Rxh8+ Qxh8 19. f3 g3 20. f4 exf4 21.
Ngf3 a5 22. Rf1 a4 23. Bc2 a3 24. bxa3 bxc4 25. Nxc4 Rb8+ 26. Kc1 Qa1+ 27. Kd2
Qxa2 28. Rd1 Nb3+ 29. Ke1 Nd4 30. Nxd4 Re8 31. Ne6+ Kf7 32. Nxd6+ cxd6 33. Qh5+
Kf6 34. Qg5+ Ke5 35. Qxf4+ Kxd5 36. Qxf5+ Kc6 37. Ba4+ Kb6 38. Bxd7 Re7 39. Qe4
Qf2# {Normal} 0-1

[Event "Rated Blitz game"]
[Site "?"]
[Date "2021.05.16"]
[Round "?"]
[White "Din-don-dan"]
[Black "pasha1984"]
[Result "1-0"]
[WhiteElo "2405"]
[BlackElo "2365"]
[PlyCount "131"]
[EventDate "2021.??.??"]
[EventType "blitz"]

1. e4 e5 2. Nf3 d5 3. d4 dxe4 4. Nxe5 Bd6 5. Nc4 Nc6 6. Nxd6+ Qxd6 7. c3 Nge7
8. Be3 Qg6 9. Nd2 O-O 10. Qc2 f5 11. g3 Nd5 12. Bc4 Be6 13. Bxd5 Bxd5 14. a3
Bf7 15. O-O-O a5 16. h4 h5 17. Bf4 Rfc8 18. f3 Bd5 19. fxe4 Bxe4 20. Nxe4 fxe4
21. Rde1 Re8 22. Re3 Re7 23. Rhe1 Rae8 24. Kb1 b5 25. Qb3+ Kh7 26. Qxb5 Rb8 27.
Qg5 Qxg5 28. Bxg5 Rf7 29. Rxe4 Rf2 30. R4e2 Rf3 31. Bf4 Rxc3 32. Bxc7 Rb7 33.
d5 Nd4 34. d6 Nxe2 35. Rxe2 Rcxc7 36. dxc7 Rxc7 37. Re5 a4 38. Rxh5+ Kg6 39.
Rg5+ Kf6 40. Rg4 Ra7 41. Rb4 g6 42. Kc2 Ra5 43. Kd3 Kf5 44. Ke3 Ke5 45. Kf3 Kf5
46. g4+ Ke5 47. Kg3 Kf6 48. Kf4 Ra7 49. Rb6+ Kg7 50. h5 gxh5 51. gxh5 Ra5 52.
h6+ Kh7 53. Ke4 Rh5 54. Kd4 Rh2 55. Kc4 Rh4+ 56. Kb5 Kh8 57. Ra6 Rh2 58. Kxa4
Rxb2 59. Ra7 Rb6 60. Ka5 Rb3 61. a4 Rb2 62. Ka6 Rh2 63. a5 Rxh6+ 64. Kb7 Rh5
65. a6 Kg7 66. Ka8+ {Time forfeit} 1-0

[Event "Rated Blitz game"]
[Site "?"]
[Date "2021.05.16"]
[Round "?"]
[White "Southstream007"]
[Black "ieks"]
[Result "0-1"]
[WhiteElo "2473"]
[BlackElo "2450"]
[PlyCount "78"]
[EventDate "2021.??.??"]
[EventType "blitz"]

1. e4 e5 2. Nf3 d5 3. exd5 Bd6 4. Nc3 Nf6 5. Bb5+ c6 6. dxc6 bxc6 7. Bc4 O-O 8.
d3 Nbd7 9. O-O Nc5 10. Re1 Bg4 11. h3 Bh5 12. Bg5 Ne6 13. Bxe6 fxe6 14. Ne4 Be7
15. Bxf6 Bxf6 16. Ng3 Bxf3 17. Qxf3 e4 18. Qxe4 Bxb2 19. Qxe6+ Kh8 20. Rab1 Bd4
21. Ne4 Qh4 22. g3 Qh5 23. Qg4 Qd5 24. c3 Bb6 25. d4 h6 26. Rb2 Rae8 27. Rbe2
Rd8 28. Kh2 c5 29. dxc5 Bxc5 30. Nxc5 Qxc5 31. Kg2 Qxc3 32. Re7 Qf6 33. R1e2
Rd3 34. Rxa7 Rf3 35. Kg1 Rxf2 36. Qe4 Qa1+ 37. Re1 Rf1+ 38. Rxf1 Qxf1+ 39. Kh2
Rf2+ {Normal} 0-1

[Event "Rated Blitz game"]
[Site "?"]
[Date "2021.05.16"]
[Round "?"]
[White "Chaozu"]
[Black "Gifroy"]
[Result "0-1"]
[WhiteElo "2483"]
[BlackElo "2440"]
[PlyCount "29"]
[EventDate "2021.??.??"]
[EventType "blitz"]

1. e4 e5 2. Nf3 d5 3. exd5 e4 4. Qe2 Nf6 5. d3 Qxd5 6. Nc3 Bb4 7. Bd2 Bxc3 8.
Bxc3 Be6 9. dxe4 Nxe4 10. Bxg7 Rg8 11. Bd4 Nc6 12. Rd1 O-O-O 13. Be3 Qxa2 14.
Qb5 Rxd1+ 15. Kxd1 {Normal} 0-1

[Event "Rated Blitz game"]
[Site "?"]
[Date "2021.05.16"]
[Round "?"]
[White "Amateur2500"]
[Black "hkn967"]
[Result "0-1"]
[WhiteElo "2399"]
[BlackElo "2512"]
[PlyCount "36"]
[EventDate "2021.??.??"]
[EventType "blitz"]

1. e4 e5 2. Nf3 d5 3. exd5 e4 4. Qe2 Nf6 5. d3 Qxd5 6. Nbd2 Nc6 7. Nxe4 Be6 8.
Bg5 Be7 9. Bxf6 gxf6 10. g3 O-O-O 11. Bg2 h5 12. Nh4 Nd4 13. Qd1 f5 14. Nc3
Qe5+ 15. Kf1 Bxh4 16. gxh4 f4 17. h3 Rhg8 18. Bf3 Qf6 {Normal} 0-1

[Event "Rated Blitz tournament 6IIsNpe6"]
[Site "?"]
[Date "2021.05.16"]
[Round "?"]
[White "RussianGrossKiller"]
[Black "Maltinho"]
[Result "0-1"]
[WhiteElo "2414"]
[BlackElo "2513"]
[PlyCount "41"]
[EventDate "2021.??.??"]
[EventType "blitz"]

1. e4 e5 2. Nf3 d5 3. exd5 Bd6 4. d3 Nf6 5. Be2 Nxd5 6. O-O O-O 7. Nc3 Nxc3 8.
bxc3 Nc6 9. d4 e4 10. Nd2 f5 11. Re1 Ne7 12. Nf1 Nd5 13. c4 Nc3 14. Qd2 Nxe2+
15. Qxe2 Qf6 16. c3 c5 17. Bb2 Be6 18. g3 Rae8 19. Ne3 f4 20. gxf4 Qxf4 21. Qh5
{Normal} 0-1

[Event "Rated Blitz game"]
[Site "?"]
[Date "2021.05.16"]
[Round "?"]
[White "divergent_twin"]
[Black "EnesYusufKamis34"]
[Result "0-1"]
[WhiteElo "2434"]
[BlackElo "2452"]
[PlyCount "22"]
[EventDate "2021.??.??"]
[EventType "blitz"]

1. e4 e5 2. Nf3 d5 3. Nxe5 Bd6 4. d4 dxe4 5. Bc4 Nf6 6. O-O O-O 7. Nc3 c5 8.
Be3 Qe7 9. f4 exf3 10. Qxf3 cxd4 11. Bxd4 Bxe5 {Normal} 0-1

[Event "Rated Blitz game"]
[Site "?"]
[Date "2021.05.16"]
[Round "?"]
[White "AlexIwanowitschL"]
[Black "magos33"]
[Result "0-1"]
[WhiteElo "2441"]
[BlackElo "2345"]
[PlyCount "92"]
[EventDate "2021.??.??"]
[EventType "blitz"]

1. e4 e5 2. Nf3 d5 3. Nxe5 Bd6 4. d4 dxe4 5. Be2 Bxe5 6. dxe5 Qxd1+ 7. Bxd1 Nc6
8. Nd2 Bf5 9. g4 Bg6 10. h4 h5 11. gxh5 Bxh5 12. Nxe4 Bxd1 13. Kxd1 O-O-O+ 14.
Ke1 Nxe5 15. f4 Re8 16. fxe5 Rxe5 17. Kf2 Rxe4 18. Rg1 g6 19. Bg5 Nh6 20. Rae1
Rxe1 21. Rxe1 Nf5 22. Bf6 Rh5 23. Re8+ Kd7 24. Rb8 b6 25. Rb7 Nxh4 26. Bxh4
Rxh4 27. Rxa7 Rh2+ 28. Kg3 Rxc2 29. b4 Rc4 30. b5 f5 31. Ra8 g5 32. Rg8 Rc3+
33. Kf2 g4 34. Rf8 Ke6 35. Re8+ Kd5 36. Re2 f4 37. Rd2+ Ke4 38. Re2+ Kf5 39.
Rd2 g3+ 40. Kg2 Kg4 41. Rd4 Rc2+ 42. Kg1 Rxa2 43. Rc4 Kh3 44. Rxf4 Ra1+ 45. Rf1
Rxf1+ 46. Kxf1 Kh2 {Normal} 0-1

[Event "Rated Blitz tournament Ae9TBsEu"]
[Site "?"]
[Date "2021.05.16"]
[Round "?"]
[White "christiannn"]
[Black "greenbubbl_e"]
[Result "0-1"]
[WhiteElo "2203"]
[BlackElo "2741"]
[PlyCount "38"]
[EventDate "2021.??.??"]
[EventType "blitz"]

1. e4 e5 2. Nf3 d5 3. exd5 e4 4. Nd4 Qxd5 5. Nb3 Nc6 6. Nc3 Qe5 7. Bb5 Nf6 8.
Bxc6+ bxc6 9. Qe2 Bd6 10. d3 Bg4 11. Qe3 exd3 12. Qxe5+ Bxe5 13. cxd3 O-O-O 14.
Be3 Rxd3 15. Bxa7 Rxc3 16. bxc3 Bxc3+ 17. Kf1 Bxa1 18. Nxa1 Rd8 19. Ke1 Rd1# {
Normal} 0-1

[Event "Rated Rapid game"]
[Site "?"]
[Date "2021.05.16"]
[Round "?"]
[White "GioGogola"]
[Black "Delyvj"]
[Result "0-1"]
[WhiteElo "2363"]
[BlackElo "2423"]
[PlyCount "124"]
[EventDate "2021.??.??"]
[EventType "rapid"]

1. e4 e5 2. Nf3 d5 3. exd5 e4 4. Qe2 f5 5. d3 Qxd5 6. dxe4 fxe4 7. Ng5 Bf5 8.
Qc4 Nf6 9. Nc3 Qd7 10. Bf4 h6 11. Ngxe4 Nxe4 12. Nxe4 Nc6 13. Bd3 Bb4+ 14. c3
O-O-O 15. O-O-O Be7 16. Bc2 Qe6 17. Qxe6+ Bxe6 18. Rxd8+ Rxd8 19. Re1 Bd5 20.
f3 Na5 21. b3 g5 22. Be5 b5 23. Re2 Re8 24. Bg7 h5 25. Kb2 Nc6 26. Bd3 a6 27.
Nf6 Rd8 28. Nxd5 Rxd5 29. Be4 Rd7 30. Bxc6 Rd6 31. Rxe7 Rxc6 32. Be5 Rc5 33. g3
Kd8 34. Bf6 Rf5 35. Re6+ Kd7 36. Rxa6 c6 37. Bd4 Rxf3 38. Ra7+ Kd6 39. Rh7 c5
40. Rxh5 cxd4 41. cxd4 Rf5 42. g4 Rd5 43. Kc3 Ke6 44. Kd3 Kf6 45. Ke4 Rd8 46.
Rh6+ Kg7 47. Rb6 Rf8 48. Rxb5 Rf4+ 49. Ke5 Rxg4 50. a4 Rg2 51. Kf5 Kh6 52. Rb6+
Kh5 53. Rb8 Rf2+ 54. Ke4 Kg4 55. a5 Rxh2 56. b4 Ra2 57. d5 Kh3 58. Rh8+ Kg3 59.
d6 Rd2 60. Ke5 g4 61. Ke6 Re2+ 62. Kd7 Ra2 {Time forfeit} 0-1

[Event "Rated Blitz game"]
[Site "?"]
[Date "2021.05.16"]
[Round "?"]
[White "chickenReturn"]
[Black "olarovfan"]
[Result "1/2-1/2"]
[WhiteElo "2408"]
[BlackElo "2594"]
[PlyCount "101"]
[EventDate "2021.??.??"]
[EventType "blitz"]

1. e4 e5 2. Nf3 d5 3. d4 dxe4 4. Nxe5 Bd6 5. Nc4 Be6 6. Ne3 f5 7. d5 Bd7 8. Be2
Nf6 9. h3 Qe7 10. Nc4 O-O 11. Nxd6 Qxd6 12. c4 a5 13. b3 Qe5 14. Qc2 Qxa1 15.
Bb2 Qxa2 16. Nc3 Qxb2 17. Qxb2 Na6 18. g4 Nc5 19. g5 Ne8 20. h4 Nd6 21. h5 Rae8
22. h6 g6 23. Nxe4 Nd3+ 24. Bxd3 Rf7 25. f3 fxe4 26. fxe4 Nxe4 27. Bxe4 Rxe4+
28. Kd1 Bg4+ 29. Kc1 Re2 30. Qd4 Bf5 31. Kd1 Re4 32. Qd2 a4 33. Re1 axb3 34.
Rxe4 Bxe4 35. Qd4 Bf5 36. Kc1 b6 37. Kb2 Bc2 38. Qe5 Kf8 39. Qh8+ Ke7 40. Qe5+
Kd8 41. d6 cxd6 42. Qxd6+ Rd7 43. Qxb6+ Kc8 44. Qc6+ Rc7 45. Qe6+ Kb7 46. Qd5+
Kb6 47. Qb5+ Ka7 48. Qa5+ Kb7 49. Qd5+ Kb6 50. Qd6+ Kb7 51. Qd5+ {Normal}
1/2-1/2

[Event "Rated Blitz game"]
[Site "?"]
[Date "2021.05.16"]
[Round "?"]
[White "boblibob"]
[Black "Razario90"]
[Result "1/2-1/2"]
[WhiteElo "2442"]
[BlackElo "2435"]
[PlyCount "252"]
[EventDate "2021.??.??"]
[EventType "blitz"]

1. e4 e5 2. Nf3 d5 3. exd5 e4 4. Qe2 Nf6 5. d3 Qxd5 6. Nc3 Bb4 7. dxe4 Qxe4 8.
Bd2 Qxe2+ 9. Bxe2 O-O 10. O-O-O c6 11. h3 Bf5 12. Nd4 Bxc3 13. Nxf5 Bxd2+ 14.
Rxd2 Nbd7 15. Rhd1 Nb6 16. Bf3 Rab8 17. b3 a5 18. c4 a4 19. Rd6 axb3 20. axb3
Rfe8 21. g4 h6 22. Nxh6+ Kf8 23. Nf5 Ne4 24. Bxe4 Rxe4 25. Ne3 g6 26. Rd8+ Re8
27. Rxb8 Rxb8 28. c5 Nc8 29. Rd7 Ke8 30. Rc7 Ne7 31. Nc4 Kd8 32. Rxe7 Kxe7 33.
Kd2 Ke6 34. Kd3 Rd8+ 35. Ke4 Rh8 36. Na5 Rxh3 37. Nxb7 Ke7 38. f3 Rh1 39. Na5
Kd7 40. Nc4 f6 41. f4 Re1+ 42. Kd4 Rg1 43. g5 fxg5 44. Ne5+ Kc7 45. Nxg6 gxf4
46. Nxf4 Rg4 47. Ke5 Kb7 48. Ne6 Ka6 49. Nd4 Kb7 50. b4 Rg8 51. Kd6 Rd8+ 52.
Ke5 Rd5+ 53. Ke4 Rd7 54. Kd3 Rh7 55. Kc4 Rh6 56. Nf5 Rg6 57. Nd4 Kc7 58. Nf5
Kd7 59. Nd4 Rg4 60. Kd3 Rh4 61. Kc3 Re4 62. Kd3 Rg4 63. Kc3 Rg1 64. Kc4 Rd1 65.
Kc3 Rh1 66. Kc4 Rh8 67. Kd3 Rc8 68. Ke4 Ke7 69. Ke5 Kd7 70. Ke4 Rb8 71. Nc2 Ra8
72. Kd4 Ra2 73. Kc3 Ke6 74. b5 cxb5 75. Nd4+ Kd5 76. Nxb5 Kxc5 77. Nd4 Ra3+ 78.
Nb3+ Kb5 79. Kb2 Kb4 80. Nc1 Re3 81. Kc2 Kc4 82. Kd2 Rh3 83. Ne2 Rd3+ 84. Kc2
Re3 85. Kd2 Ra3 86. Nc1 Kd4 87. Ne2+ Kd5 88. Nc3+ Kc4 89. Ne2 Rf3 90. Nc1 Kd4
91. Ne2+ Ke4 92. Nc3+ Kf4 93. Ne2+ Ke5 94. Nc1 Rf2+ 95. Ke3 Rh2 96. Nd3+ Kd6
97. Nf2 Rg2 98. Kf3 Rg8 99. Ne4+ Ke5 100. Ng3 Rh8 101. Ne2 Ra8 102. Ng3 Ra4
103. Ne2 Ra3+ 104. Kf2 Ke4 105. Ng3+ Kf4 106. Ne2+ Kg4 107. Ng1 Ra2+ 108. Ne2
Rb2 109. Ke3 Rb3+ 110. Kf2 Rf3+ 111. Kg2 Re3 112. Kf2 Re8 113. Ng1 Rf8+ 114.
Ke2 Kg3 115. Ke3 Kg2 116. Ne2 Re8+ 117. Kd3 Kf2 118. Nd4 Rd8 119. Ke4 Rd7 120.
Kd3 Rd6 121. Ke4 Rd8 122. Kd3 Kg3 123. Ke4 Rd7 124. Ke5 Ra7 125. Ke4 Ra5 126.
Nf5+ Kg4 {Normal} 1/2-1/2

[Event "Rated Blitz game"]
[Site "?"]
[Date "2021.05.16"]
[Round "?"]
[White "Amateur2500"]
[Black "hkn967"]
[Result "1-0"]
[WhiteElo "2404"]
[BlackElo "2506"]
[PlyCount "57"]
[EventDate "2021.??.??"]
[EventType "blitz"]

1. e4 e5 2. Nf3 d5 3. exd5 e4 4. Qe2 Nf6 5. d3 Qxd5 6. Nfd2 Nc6 7. dxe4 Qe6 8.
c3 Bc5 9. h3 O-O 10. g3 Re8 11. Bg2 Bd7 12. O-O Rad8 13. Nb3 Bb6 14. N1d2 a6
15. g4 h6 16. Nc4 Ba7 17. g5 hxg5 18. Bxg5 b5 19. Ncd2 Nh7 20. Be3 Bxe3 21.
Qxe3 Ne5 22. f4 Qh6 23. Rae1 Nc4 24. Nxc4 bxc4 25. Nc5 Bc6 26. Qg3 Rd6 27. f5
Rd2 28. Rf2 Ng5 29. Rxd2 {Normal} 1-0

[Event "Rated Blitz game"]
[Site "?"]
[Date "2021.05.16"]
[Round "?"]
[White "TysonT"]
[Black "CristianS27"]
[Result "1/2-1/2"]
[WhiteElo "2410"]
[BlackElo "2464"]
[PlyCount "69"]
[EventDate "2021.??.??"]
[EventType "blitz"]

1. e4 e5 2. Nf3 d5 3. Nxe5 dxe4 4. d4 Nd7 5. Nc4 Nb6 6. Ne3 f5 7. g3 Nf6 8. Bg2
Bd6 9. O-O O-O 10. c4 c5 11. b4 cxd4 12. Qxd4 Bxb4 13. Qb2 Bc5 14. Rd1 Qe7 15.
Nc3 Be6 16. Ncd5 Qf7 17. Qb5 Rac8 18. Bb2 Bxe3 19. Nxf6+ gxf6 20. fxe3 Nxc4 21.
Bd4 b6 22. Rac1 Rfd8 23. Bf1 Nd6 24. Qb2 Bc4 25. Bxf6 Bxf1 26. Rxf1 Rxc1 27.
Rxc1 Rc8 28. Rxc8+ Nxc8 29. Be5 Ne7 30. Qc2 Ng6 31. Qc8+ Qf8 32. Qe6+ Qf7 33.
Qc8+ Qf8 34. Qc4+ Qf7 35. Qc8+ {Normal} 1/2-1/2

[Event "Rated Blitz game"]
[Site "?"]
[Date "2021.05.16"]
[Round "?"]
[White "CristianS27"]
[Black "annaly1979"]
[Result "0-1"]
[WhiteElo "2470"]
[BlackElo "2444"]
[PlyCount "104"]
[EventDate "2021.??.??"]
[EventType "blitz"]

1. e4 e5 2. Nf3 d5 3. exd5 e4 4. Qe2 f5 5. d3 Nf6 6. Nc3 Bb4 7. Bd2 Bxc3 8.
Bxc3 O-O 9. Nd4 Nxd5 10. g3 Re8 11. O-O-O Nxc3 12. bxc3 Qe7 13. Kb2 c5 14. Nb3
c4 15. dxc4 Nc6 16. c5 a5 17. Nd4 Ne5 18. Qb5 Bd7 19. Qb6 Rec8 20. Bb5 Bxb5 21.
Qxb5 Rxc5 22. Qb3+ Nc4+ 23. Ka1 Rac8 24. Rhe1 Qf6 25. Qxb7 Nd6 26. Qb3+ Kh8 27.
Qe6 Rxc3 28. Qxf6 gxf6 29. Kb2 R3c4 30. Ne6 Rxc2+ 31. Kb1 Nb5 32. Rd8+ Rxd8 33.
Kxc2 Rd6 34. Nf4 Nd4+ 35. Kb2 Rb6+ 36. Kc3 Nf3 37. Rd1 Rc6+ 38. Kb3 a4+ 39.
Kxa4 Ra6+ 40. Kb3 Rb6+ 41. Kc4 Ne5+ 42. Kc5 Rc6+ 43. Kd5 Ra6 44. Nh5 Nd3 45.
Rb1 Ra8 46. Rb7 Rd8+ 47. Ke6 Nc5+ 48. Kxf5 Nxb7 49. Kxf6 e3 50. Kg5 exf2 51.
Nf4 f1=Q 52. Ng6+ hxg6 {Time forfeit} 0-1

[Event "Rated Blitz tournament xYkuaed3"]
[Site "?"]
[Date "2021.05.16"]
[Round "?"]
[White "RapidPanther"]
[Black "Schachelite"]
[Result "1-0"]
[WhiteElo "2329"]
[BlackElo "2420"]
[PlyCount "111"]
[EventDate "2021.??.??"]
[EventType "blitz"]

1. e4 e5 2. Nf3 d5 3. Nxe5 Bd6 4. d4 dxe4 5. Be2 Bxe5 6. dxe5 Qxd1+ 7. Bxd1 Nc6
8. Bf4 Nge7 9. Nc3 Ng6 10. Bg3 Bf5 11. e6 fxe6 12. Bxc7 e5 13. Nb5 Kd7 14. Be2
a6 15. O-O-O+ Nd4 16. Bxe5 Nxe5 17. Nxd4 Bg6 18. Nf5+ Ke6 19. Nxg7+ Kf7 20. Nh5
Rac8 21. Nf4 Bf5 22. Rd5 Rhe8 23. c3 Kf6 24. h3 Rc6 25. g4 Bg6 26. Rhd1 Nf7 27.
Ng2 Ng5 28. h4 Ne6 29. g5+ Ke7 30. Rd7+ Kf8 31. Rxb7 Nc5 32. Ra7 Bf5 33. Ne3
Bg6 34. h5 Bf7 35. b3 Nd3+ 36. Bxd3 exd3 37. Rxd3 Bxh5 38. c4 Bg6 39. Rdd7 Rc5
40. Nd5 Ra5 41. a4 Rb8 42. Kb2 Rxa4 43. Rxh7 Bxh7 44. Rxh7 Rxc4 45. Rh8+ Kg7
46. Rxb8 Rc5 47. Rd8 Kf7 48. f4 a5 49. f5 Rb5 50. g6+ Kg7 51. Rd7+ Kh6 52. g7
Kh7 53. Nf6+ Kh6 54. g8=Q Rxb3+ 55. Kxb3 a4+ 56. Ka2 {Normal} 1-0

[Event "Rated Blitz game"]
[Site "?"]
[Date "2021.05.16"]
[Round "?"]
[White "Ufo84"]
[Black "ALYHoTANc0"]
[Result "1-0"]
[WhiteElo "2430"]
[BlackElo "2324"]
[PlyCount "77"]
[EventDate "2021.??.??"]
[EventType "blitz"]

1. e4 e5 2. Nf3 d5 3. exd5 e4 4. Qe2 Nf6 5. d3 Qxd5 6. Nc3 Bb4 7. dxe4 Qxe4 8.
Bd2 Qxe2+ 9. Bxe2 O-O 10. O-O-O Nc6 11. h3 Bxc3 12. Bxc3 Ne4 13. Be1 Be6 14.
Bd3 Nc5 15. Bb5 Ne7 16. Bb4 b6 17. Nd4 Bd5 18. Rhe1 Ng6 19. g3 Rfd8 20. Bc6
Bxc6 21. Nxc6 Rxd1+ 22. Kxd1 Ne6 23. f4 a5 24. Bc3 Nc5 25. f5 Nf8 26. g4 b5 27.
g5 b4 28. Be5 Ra6 29. Ne7+ Kh8 30. Kc1 f6 31. gxf6 gxf6 32. Rg1 h5 33. Bd4 Nce6
34. fxe6 Nxe6 35. Bxf6+ Kh7 36. Nf5 Nf4 37. Rg7+ Kh8 38. Rf7+ Kg8 39. Nh6# {
Normal} 1-0

[Event "Rated Blitz tournament Ae9TBsEu"]
[Site "?"]
[Date "2021.05.16"]
[Round "?"]
[White "Saiiiiii"]
[Black "VVV-31"]
[Result "0-1"]
[WhiteElo "2531"]
[BlackElo "2299"]
[PlyCount "90"]
[EventDate "2021.??.??"]
[EventType "blitz"]

1. e4 e5 2. Nf3 d5 3. Nc3 d4 4. Ne2 Bd6 5. Ng3 Ne7 6. Bc4 Be6 7. Bxe6 fxe6 8.
O-O O-O 9. d3 h6 10. c3 c5 11. Qb3 Qd7 12. cxd4 cxd4 13. Bd2 Nbc6 14. Rac1 Rac8
15. Nh4 Kh7 16. a3 g5 17. Nf3 Rxf3 18. gxf3 Ng6 19. Qd1 Rf8 20. Kh1 Nh4 21. f4
exf4 22. Nh5 e5 23. Rg1 f3 24. b4 Qf7 25. Ng3 Ne7 26. Qf1 Qe6 27. Rc2 Neg6 28.
b5 Rf7 29. Bb4 Bxb4 30. axb4 Nf4 31. Rc5 Nh3 32. Nf5 Nxg1 33. Nxh4 gxh4 34.
Qxg1 Rg7 35. Qf1 Qf6 36. Rd5 Qf4 37. Rc5 b6 38. Rc6 Rg2 39. Rc7+ Kg6 40. Rc6+
Kh5 41. Qg1 Rxg1+ 42. Kxg1 Qd2 43. h3 Qe1+ 44. Kh2 Qxf2+ 45. Kh1 Qg2# {Normal}
0-1

[Event "Rated Blitz game"]
[Site "?"]
[Date "2021.05.16"]
[Round "?"]
[White "OmkarCapstone"]
[Black "hkn967"]
[Result "1-0"]
[WhiteElo "2406"]
[BlackElo "2480"]
[PlyCount "75"]
[EventDate "2021.??.??"]
[EventType "blitz"]

1. e4 e5 2. Nf3 d5 3. exd5 e4 4. Qe2 Nf6 5. Nc3 Be7 6. Nxe4 Nxd5 7. d4 O-O 8.
Qd1 Re8 9. Be2 Bb4+ 10. Ned2 Bg4 11. O-O Nc6 12. c3 Bd6 13. Nc4 Qf6 14. h3 Bh5
15. Re1 Nf4 16. Nxd6 cxd6 17. Bxf4 Qxf4 18. Qc1 Qf6 19. Qd2 Re4 20. Bd3 Rf4 21.
Nh2 g5 22. g3 Rf3 23. Nxf3 Qxf3 24. Be4 Qf6 25. g4 Bg6 26. Bxg6 hxg6 27. Re3
Kg7 28. Rae1 Rh8 29. Qe2 Nd8 30. Qf3 Ne6 31. Qxf6+ Kxf6 32. Kh2 Nf4 33. Rf3 b5
34. Re4 a5 35. Rfxf4+ gxf4 36. Rxf4+ Kg5 37. Rxf7 Re8 38. Rb7 {Time forfeit}
1-0

[Event "Rated Rapid game"]
[Site "?"]
[Date "2021.05.16"]
[Round "?"]
[White "khemka_15"]
[Black "Delyvj"]
[Result "0-1"]
[WhiteElo "2349"]
[BlackElo "2416"]
[PlyCount "126"]
[EventDate "2021.??.??"]
[EventType "rapid"]

1. e4 e5 2. Nf3 d5 3. exd5 e4 4. Qe2 f5 5. d3 Qxd5 6. Nbd2 Nf6 7. Ng5 Bb4 8. c3
Be7 9. dxe4 fxe4 10. Ndxe4 O-O 11. Qc4 c6 12. Bd3 h6 13. Qxd5+ Nxd5 14. Nf3 Bf5
15. O-O Nd7 16. a3 Rae8 17. c4 N5b6 18. Re1 c5 19. Bf4 g5 20. Bg3 g4 21. Nh4
Bh7 22. Rad1 Ne5 23. Bxe5 Bxh4 24. Bg3 Bg5 25. Bd6 Be7 26. Bxc5 Bxc5 27. Nxc5
Bxd3 28. Nxd3 Nxc4 29. b3 Nxa3 30. Nc5 b6 31. Nd7 Rxe1+ 32. Rxe1 Rf7 33. Ne5
Re7 34. f4 gxf3 35. gxf3 Nc2 36. Rc1 Nd4 37. Rc4 Ne2+ 38. Kf2 Rxe5 39. Rc8+ Kf7
40. Rc7+ Kf6 41. Rxa7 Nd4 42. Ra6 Rb5 43. Ke3 Nxb3 44. Kd3 Nc5+ 45. Kc4 Nxa6
46. Kxb5 Nc7+ 47. Kxb6 Ne6 48. Kc6 Nd4+ 49. Kd5 Nxf3 50. Ke4 Nxh2 51. Ke3 Kg5
52. Kf2 Kg4 53. Kg1 Kg3 54. Kh1 Ng4 55. Kg1 h5 56. Kh1 h4 57. Kg1 h3 58. Kh1
Nf2+ 59. Kg1 h2+ 60. Kf1 h1=Q+ 61. Ke2 Qe4+ 62. Kf1 Qe3 63. Kg1 Qe1# {Normal}
0-1

[Event "Rated Blitz game"]
[Site "?"]
[Date "2021.05.16"]
[Round "?"]
[White "Amateur2500"]
[Black "hkn967"]
[Result "0-1"]
[WhiteElo "2387"]
[BlackElo "2524"]
[PlyCount "30"]
[EventDate "2021.??.??"]
[EventType "blitz"]

1. e4 e5 2. Nf3 d5 3. exd5 e4 4. Qe2 Nf6 5. Nc3 Be7 6. Nxe4 Nxd5 7. c4 Nb4 8.
d4 O-O 9. a3 Re8 10. Be3 Bf5 11. axb4 Bxe4 12. Qd2 Nc6 13. c5 Bf6 14. Bb5 Bxf3
15. gxf3 Nxd4 {Normal} 0-1

[Event "Rated Blitz game"]
[Site "?"]
[Date "2021.05.16"]
[Round "?"]
[White "blagig"]
[Black "hkn967"]
[Result "0-1"]
[WhiteElo "2427"]
[BlackElo "2478"]
[PlyCount "82"]
[EventDate "2021.??.??"]
[EventType "blitz"]

1. e4 e5 2. Nf3 d5 3. Nxe5 Bd6 4. d4 dxe4 5. Nc4 Nf6 6. Nc3 Bb4 7. Bg5 h6 8.
Bh4 Nc6 9. a3 Be7 10. d5 Nxd5 11. Bxe7 Ndxe7 12. Qxd8+ Nxd8 13. Nxe4 Bf5 14.
Bd3 O-O 15. O-O-O Ne6 16. Ng3 Bxd3 17. Rxd3 Rfd8 18. Rhd1 Kf8 19. Rxd8+ Rxd8
20. Rxd8+ Nxd8 21. Kd2 f5 22. Ne2 Ne6 23. Ne5 Nd5 24. c4 Nb6 25. Kc3 Na4+ 26.
Kc2 Ke7 27. b3 Nac5 28. b4 Kf6 29. Nd3 Nxd3 30. Kxd3 Ke5 31. Ke3 f4+ 32. Kd3 f3
33. gxf3 Nf4+ 34. Nxf4 Kxf4 35. Ke2 g5 36. a4 a5 37. b5 c5 38. bxc6 bxc6 39.
Kd3 c5 40. Ke2 h5 41. Kd3 Kxf3 {Time forfeit} 0-1